|
|
|
|
| LEADER |
02465nam a2200373 a 4500 |
| 001 |
0017905 |
| 003 |
BD-DhAAL |
| 008 |
091010s1995 cau b 000 0 eng d |
| 010 |
|
|
|a \\\94029011
|
| 020 |
|
|
|a 9780520089143
|
| 020 |
|
|
|a 0520089138 (alk. paper)
|
| 020 |
|
|
|a 0520089146 (pbk. : alk. paper)
|
| 040 |
|
|
|a DLC
|c DLC
|d DLC
|d BD-DhAAL
|
| 082 |
0 |
0 |
|a 363.96
|2 20
|
| 245 |
0 |
0 |
|a Conceiving the new world order :
|b the global politics of reproduction /
|c edited by Faye D. Ginsburg and Rayna Rapp.
|
| 260 |
|
|
|a Berkeley :
|b University of California Press,
|c c1995.
|
| 300 |
|
|
|a xii, 450 p. ;
|c 24 cm
|
| 504 |
|
|
|a Includes bibliographical references.
|
| 526 |
|
|
|a JPGSPH
|x Sabina F Rashid, PhD
Professor
James P Grant School of Public Health, BRAC University
|
| 541 |
1 |
|
|e 0017905, 0017906, 0017974, 0017975
|a D. S. Books International
|
| 650 |
|
0 |
|a Birth control
|x Political aspects.
|9 58497
|
| 650 |
|
0 |
|a Birth control
|x Government policy.
|9 58498
|
| 650 |
|
0 |
|a Population policy.
|
| 650 |
|
0 |
|a Social policy.
|
| 650 |
|
0 |
|a Reproductive technology.
|
| 700 |
1 |
|
|a Ginsburg, Faye D.
|9 54597
|
| 700 |
1 |
|
|a Rapp, Rayna.
|9 58499
|
| 852 |
4 |
|
|a Ayesha Abed Library
|c General Stacks
|
| 942 |
|
|
|2 ddc
|c BK
|
| 999 |
|
|
|c 4371
|d 4371
|
| 952 |
|
|
|0 0
|1 0
|2 ddc
|4 0
|6 363_960000000000000_CON_1995
|7 0
|9 4063
|a BRACUL
|b BRACUL
|c GEN
|d 2009-10-10
|e D. S. Books International
|l 0
|o 363.96 CON
|p 3010017975
|r 2009-10-10
|t 4
|v 5708.00
|w 2009-10-10
|y BK
|x Requisitioned by Sabina F Rashid (Professor), James P Grant School of Public Health, BRAC University ; USD 25.95
|
| 952 |
|
|
|0 0
|1 0
|2 ddc
|4 0
|6 363_960000000000000_CON_1995
|7 0
|9 4064
|a BRACUL
|b BRACUL
|c GEN
|d 2009-10-10
|e D. S. Books International
|l 0
|o 363.96 CON
|p 3010017906
|r 2009-10-10
|t 2
|v 5708.00
|w 2009-10-10
|y BK
|x Requisitioned by Sabina F Rashid (Professor), James P Grant School of Public Health, BRAC University ; USD 25.95
|
| 952 |
|
|
|0 0
|1 0
|2 ddc
|4 0
|6 363_960000000000000_CON_1995
|7 0
|9 4065
|a BRACUL
|b BRACUL
|c GEN
|d 2009-10-10
|e D. S. Books International
|l 0
|o 363.96 CON
|p 3010017905
|r 2009-10-10
|t 1
|v 5708.00
|w 2009-10-10
|y BK
|x Requisitioned by Sabina F Rashid (Professor), James P Grant School of Public Health, BRAC University ; USD 25.95
|
| 952 |
|
|
|0 0
|1 0
|2 ddc
|4 0
|6 363_960000000000000_CON_1995
|7 0
|9 4067
|a BRACUL
|b BRACUL
|c GEN
|d 2009-10-10
|e D. S. Books International
|l 1
|m 19
|o 363.96 CON
|p 3010017974
|r 2024-03-03
|s 2023-08-03
|t 3
|v 5708.00
|w 2009-10-10
|y BK
|x Requisitioned by Sabina F Rashid (Professor), James P Grant School of Public Health, BRAC University ; USD 25.95
|